000 01629nam a2200433 i 4500
001 000024588
003 DO-SdBNP
005 20260226083421.0
007 ta
008 110201s2012 sp a e 001 0 spa d
020 _a9788449436659 (obra completa)
020 _a9788449436666 (v. 1)
020 _a9788449436673 (v. 2)
020 _a9788449436680 (v. 3)
020 _a9788449436697 (v. 4)
040 _aDO-SdBNP
_bspa
_cBNPHU
_erda
041 _aspa
082 4 _a150
_bP974p
_222
245 0 0 _aPsicología para todos :
_bguía completa para el crecimiento personal /
_cdirección Carlos de Gispert.
264 4 _aBarcelona, España :
_bOceano,
_c©2012
300 _a4 volúmenes :
_bilustraciones ;
_c25 cm.
336 _atexto
_btxt
_2rdacontent
337 _asin mediación
_bn
_2rdamedia
338 _avolumen
_bnc
_2rdacarrier
500 _aTexto a dos columnas
500 _aIncluye índice
505 0 _av.1--
_tAprendizaje, conducta y emociones --
_gv.2--
_tCapacidades, personalidad y socialización --
_gv.3--
_tRelaciones de grupo, estrés y dolor --
_gv.4--
_tTrastornos, somatizaciones y terapias.
590 _aInventariado, 2024/ YL
650 4 _aPsicología
_9152
650 4 _aAprendizaje
_9812
650 7 _aConducta de vida
_2LIBRUNAM
_911947
700 1 _aGispert, Carlos,
_911248
_edirección
_4dir.
740 0 2 _aAprendizaje, conducta y emociones
740 0 2 _aCapacidades, personalidad y socialización
740 0 2 _aRelaciones de grupo, estrés y dolor
740 0 2 _aTrastornos, somatizaciones y terapias
910 _aYLockward/ Validado. Control de calidad MFF
942 _2ddc
_cLBS1
999 _c24081
_d24081